Ο δραγουμάνος Χατζηγεωργάκης Κορνέσιος και η εποχή του
Αποθηκεύτηκε σε:
| Μορφή: | Βιβλίο |
|---|---|
| Γλώσσα: | Greek |
| Δημοσίευση: |
Λευκωσία :
Ίδρυμα Λεβέντη,
1996
|
| Θέματα: | |
| Ετικέτες: |
Προσθήκη ετικέτας
Δεν υπάρχουν, Καταχωρήστε ετικέτα πρώτοι!
|
MARC
| LEADER | 00000cam a2200000 i 4500 | ||
|---|---|---|---|
| 001 | 1/58184 | ||
| 008 | 040625s1995 gre d | ||
| 020 | |a 9963-560-13-X | ||
| 035 | |l 10073902 | ||
| 040 | |a GR-MY-UA |b gre |e aacr | ||
| 041 | 0 | |a gre | |
| 082 | 0 | |a 956.45 | |
| 245 | 1 | 2 | |a Ο δραγουμάνος Χατζηγεωργάκης Κορνέσιος και η εποχή του |
| 260 | |a Λευκωσία : |b Ίδρυμα Λεβέντη, |c 1996 | ||
| 300 | |a 31 σ. | ||
| 600 | 1 | 0 | |a Χατζηγεωργάκης Κορνέσιος |d 1779-1809. |
| 651 | 0 | |a Cyprus |x History. | |
| 852 | |a INST |b RHODES |e 20040625 |h 956.45 ΔΡΑ |p 005400019926 |q 005400019926 |t BK |y 0 | ||
| 901 | |a BIBL4-2004-2 | ||
| 909 | |a Ρ |b 104985 | ||
| 970 | |a ΚΟΥΛΑΚΙΟΤΗ |b ΛΙΤΣΑ |z 2004/06/25 | ||